Concepts of quality management in pharmaceutical industry/ (Record no. 163145)

MARC details
000 -LEADER
fixed length control field 00630nam a22001937a 4500
005 - DATE AND TIME OF LATEST TRANSACTION
control field 20190329124545.0
010 ## - LCCN (DPL NO)
LC control number ENG-125000
020 ## - INTERNATIONAL STANDARD BOOK NUMBER
International Standard Book Number 9789352301423
Terms of availability 395.00
035 ## - SYSTEM CONTROL NUMBER
System control number EN-108532
037 ## - SOURCE OF ACQUISITION
Source of stock number/acquisition DBAD/PUB
082 ## - DEWEY DECIMAL CLASSIFICATION NUMBER
Classification number 615.19
100 ## - MAIN ENTRY--PERSONAL NAME
Personal name Potdar, Manohar A.
245 ## - TITLE STATEMENT
Title Concepts of quality management in pharmaceutical industry/
Statement of responsibility, etc by Manohar A. Potdar
260 ## - PUBLICATION, DISTRIBUTION, ETC. (IMPRINT)
Place of publication, distribution, etc Hyderabad
Name of publisher, distributor, etc PharmaMed Press
Date of publication, distribution, etc 2017
270 ## - ADDRESS
Address 4-4-309/316, Giriraj Lane, Sultan Bazar,
City Hyderabad
Postal code 500095
300 ## - PHYSICAL DESCRIPTION
Extent xiv, 265p.
Dimensions 24cm.(pbk)
500 ## - GENERAL NOTE
General note It includes bibliography and index
942 ## - ADDED ENTRY ELEMENTS (KOHA)
Source of classification or shelving scheme Dewey Decimal Classification
Item type English Books
Call number suffix POT
Classification part 615.19
Holdings
Withdrawn status Lost status Not for loan Collection code Home library Current library Date acquired Source of acquisition Cost, normal purchase price Full call number Barcode Copy number Cost, replacement price Koha item type
    Not For Loan Non-fiction D.B.Act.Division Ashok Vihar 29/03/2019 DBAD/PUB 395.00 615.19 POT EN-108532 1 395.00 English Books

© Delhi Public Library
Hit Counter
free hit counter